000 00443nam a2200181Ia 4500
003 GCL
008 140319s9999 xx 000 0 eng d
040 _aGCL /
_cGCL
082 0 4 _a751.4
_bH I
100 1 _aHENN, JOHN
245 1 0 _aINTRODUCTION TO PAINTING AND DRAWING /
_cHENN, JOHN
260 _a[S.N] :
_bTHE APPLE PRESS ،
_c1989
300 _a127 PP
650 0 4 _aDRAWING
650 0 4 _aARTS
650 0 4 _aPAINTING
942 _2ddc
_cBK
999 _c18902
_d18902